000 00699nam a2200289Ia 4500
005 20260324133538.0
008 008 260324s9999 xx 000 0 eng d
020 _a9781003554912
037 _aEBOOK
040 _aCRL
040 _beng
040 _cCRL
041 _2eng
041 _aeng
084 _qCRL
100 _aMaria Bogucka
_91190674
245 0 _aBaltic Commerce and Urban Society, 1500-1700
245 0 _bGdansk/Danzig and its Polish Context
260 _bTaylor and Francis
260 _c2003
365 _a
365 _b145
856 _uhttp://www.taylorfrancis.com/books/9781003554912
942 _cEBOOK
999 _c1792635
_d1792635